منبع ا نو ا ر (Record no. 94521)

MARC details
000 -LEADER
fixed length control field 00705nam a22002177a 4500
005 - DATE AND TIME OF LATEST TRANSACTION
control field 20150626150006.0
008 - FIXED-LENGTH DATA ELEMENTS--GENERAL INFORMATION
fixed length control field 140714b xxu||||| |||| 00| 0 Urdu d
010 ## - LCCN (DPL NO)
LC control number UR-9117
020 ## - INTERNATIONAL STANDARD BOOK NUMBER
Terms of availability 100.00
035 ## - SYSTEM CONTROL NUMBER
System control number U-7672
037 ## - SOURCE OF ACQUISITION
Source of stock number/acquisition DBAD
040 ## - CATALOGING SOURCE
Original cataloging agency DPL
Language of cataloging Urdu
082 ## - DEWEY DECIMAL CLASSIFICATION NUMBER
Classification number 841
100 ## - MAIN ENTRY--PERSONAL NAME
Personal name محمد ا سحا ق عا بد قا د ر ی
245 ## - TITLE STATEMENT
Title منبع ا نو ا ر
Statement of responsibility, etc محمد ا سحا ق عا بد قا د ر ی
246 #h - VARYING FORM OF TITLE
Title proper/short title Manbai Anwar
Remainder of title ByMohd. Ishaqe Abid Qadri
260 ## - PUBLICATION, DISTRIBUTION, ETC. (IMPRINT)
Name of publisher, distributor, etc Al-Ansar Publications
Date of publication, distribution, etc 2014
Place of publication, distribution, etc Hyderabad
270 ## - ADDRESS
Address # 18-8-223/12 A,Riyasat Nagar
City Hyderabad
Telephone number 09391301192
Postal code 059
300 ## - PHYSICAL DESCRIPTION
Extent 128ص
Dimensions 22Cm (Hb)
942 ## - ADDED ENTRY ELEMENTS (KOHA)
Source of classification or shelving scheme Dewey Decimal Classification
Item type Urdu Bks
Edition
Classification part 841
Call number suffix ق ا د
Holdings
Withdrawn status Lost status Source of classification or shelving scheme Damaged status Not for loan Collection code Home library Current library Date acquired Source of acquisition Cost, normal purchase price Total Checkouts Full call number Barcode Date last seen Copy number Cost, replacement price Koha item type
    Dewey Decimal Classification   Not For Loan Non-fiction D.B.Act.Division D.B.Act.Division 26/06/2015 DBAD/Pub. 100.00   841 ق ا د U-7672 26/06/2015 112.00 100.00 Urdu Bks

© Delhi Public Library
Hit Counter
free hit counter